| 000 | 00000nam##2200000za#4500 |
| 001 | 9.695960 |
| 003 | CaOODSP |
| 005 | 20220224110501 |
| 007 | cr ||||||||||| |
| 008 | 150407|1997||||xxc|||||o f|0| 0 eng|d |
| 040 | |aCaOODSP|beng |
| 043 | |an-cn--- |
| 086 | 1 |aFo75-3/6-1997E-PDF |
| 110 | 2 |aCanadian Council of Forest Ministers. |
| 245 | 10|aCriteria and indicators of sustainable forest management in Canada : |h[electronic resource]|btechnical report, 1997 |
| 260 | |aOttawa - Ontario : |bCanadian Council of Forest Ministers |c1997. |
| 300 | |a145p.|bfigs., glossary, graphs, maps, references, tables, index |
| 500 | |aContents: Conservation of biological diversity.--Maintenance and enhancement of forest ecosystem condition and productivity.--Conservation of soil and water resources.--Forest ecosystem contributions to global ecological cycles.--Multiple benefits of forests to society.--Accepting society's responsibility for sustainable development.--Glossary.--Subject index. The catalogue number (Fo75-3/6-1997E) and ISBN (0-662-25623-9) for the print edition have been incorrectly copied in this electronic publication. |
| 590 | |a12-17-Supp|b2012-04-20 |
| 690 | 07|aForest management|2gcpds |
| 775 | 08|tCritères et indicateurs de l'aménagement durable des forêts au Canada : |w(CaOODSP)9.640078 |
| 776 | 0#|tCriteria and indicators of sustainable forest management in Canada: technical report, 1997 / |w(CaOODSP)9.646559 |
| 856 | 40|ahttp://publications.gc.ca|qPDF|s1.37 MB|uhttps://publications.gc.ca/collections/Collection/Fo75-3-6-1997E.pdf |